00636nam a2200181 i 4500001000700000003000900007005001700016007000300033008004100036100002800077245008500105260003500190300002200225700003400247852003200281999001900313952012200332149712ES-MaACL20230906203224.0t|071024s1969 sp ||||1| spa d1 aVaszary, Gabor.911329814aLas estrellas palidecen / cGabor Vaszary ; [versión... Mariano Orta Manzano]. aBarcelona : bCaralt, c[1969] a320 p. ; c20 cm.1 aOrta Manzano, Mariano.987384 aES-MaACLjC-39747 bR.73828 c149712d149712 00104070aATENEOMbATENEOMcDEPO2d2008-01-17eSCl0oC-39747p1156228r2023-02-23 00:00:00w2023-02-23yMONOGRAFIA